| 000 | 00726agm a2200277 4500 | ||
|---|---|---|---|
| 005 | 20220607135638.0 | ||
| 008 | 150507b xxu||||| |||| 00| 0 spa d | ||
| 041 | _aspa | ||
| 082 | _a272 DVD | ||
| 245 | _aCosta Rica: tierra de volcanes | ||
| 260 | _aCosta Rica | ||
| 260 | _bMertec | ||
| 260 | _c2001 | ||
| 300 | _a45 minutos | ||
| 650 |
_aCOSTA RICA _963484 |
||
| 650 |
_aVOLCANES _91142 |
||
| 650 |
_aVOLCÁN POÁS _91143 |
||
| 650 |
_a VOLCÁN IRAZÚ _91724 |
||
| 650 |
_aVOLCÁN TURRIALBA _91726 |
||
| 650 |
_aVOLCÁN TENORIO _91721 |
||
| 650 |
_aVOLCÁN ARENAL _91722 |
||
| 650 |
_aVOLCÁN MIRAVALLES _91720 |
||
| 650 |
_aVOLCÁN OROSI _941242 |
||
| 650 |
_aVOLCÁN RINCÓN DE VIEJA _943142 |
||
| 942 | _cDVD | ||
| 999 |
_c9565 _d9565 |
||